| 000 | 01262nam a2200301 4500 | ||
|---|---|---|---|
| 001 | 0000023028 | ||
| 003 | CO-CtgCURN | ||
| 005 | 20250329191024.0 | ||
| 007 | ta | ||
| 008 | 160627s2006 000 0 eng d | ||
| 020 | _a9588225914 | ||
| 040 |
_aCO-CtgCURN _bspa _ccoctgcurn |
||
| 082 | 0 |
_a346.02 _bC764 |
|
| 100 | 1 | _aRincon Cárdenas, Erick. | |
| 245 | 1 | 0 |
_aContratacion electronica / _ceditor Erick Rincon Cárdenas. |
| 260 |
_aBogotá : _bCentro Editorial Rosarista, _c2006. |
||
| 300 | _a237 p. | ||
| 336 | _2rdacontent | ||
| 337 |
_2rdamedia _asin mediacion _bn |
||
| 338 |
_2rdacarrier _avolumen _bnc |
||
| 490 | 1 | _aColección Lecciones de Jurisprudencia | |
| 504 | _aBibliografia (p. 236-237) | ||
| 505 | 8 | _aImplicaciones del comercio electronico dentro de las tendencias de las telecomunicaciones.--Proyecciones del comercio electronico.--Contratacion electronica y la nueva forma del negocio juridico.--Contratacion electronica internacional.--Contratacion electronica y protección al consumidor.--Referencias a la contratacion bancaria electronica en colombia | |
| 650 | 1 | 4 |
_aContratos _vLegislacion. |
| 908 | _a160627 | ||
| 942 |
_cBK _h346.02 _iC764 _2ddc |
||
| 999 |
_c11420 _d11420 |
||